000 00613nam a2200145Ia 4500
008 100204s9999 xx 000 0 und d
082 _b26477
100 _aघारे दीपक संपादक
245 _aह. मो. मराठे यांच्या निवडक कथा
260 _b"मॅजेस्टिक प्रकाशन , मुंबई"
_c2005
300 _a164
630 _aह. मो. मराठे यांच्या निवडक कथा
730 _aह. मो. मराठे यांच्या निवडक कथा
942 _cBOOK
999 _c471658
_d471655